000 00442nam a2200193Ia 4500
008 101110s9999 xx 000 0 und d
041 _aENGLISH
082 _bSR13751
_a651.75
100 _aKhan R.R.
245 _aTransport Management
365 _b50
520 _aCommerce
546 _aENGLISH
630 _aTransport Management
650 _aCommerce
655 _aCommerce
730 _aTransport Management
942 _cBOOK
999 _c807896
_d807893